| 000 | 01074cam a22002771i 4500 | ||
|---|---|---|---|
| 003 | SA-RiAUC | ||
| 005 | 20251021081915.0 | ||
| 008 | 251020s1984 le g b 000r0 ara c | ||
| 040 |
_aSA-RiAUC _bara _cSA-RiAUC _erda |
||
| 082 | 0 | 4 |
_a330.121 _qSA-RiAUC |
| 090 |
_a330.121 _bن ب هـ |
||
| 100 | 1 |
_aالنبهان، محمد فاروق، _d1940- _eمؤلف. |
|
| 245 | 1 | 2 |
_aالاتجاه الجماعي في التشريع الاقتصادي الإسلامي / _cمحمد فاروق النبهان. |
| 250 | _aالطبعة الثانية. | ||
| 264 | 1 |
_aبيروت : _bمؤسسة الرسالة، _c1984 |
|
| 300 |
_a528 صفحة ؛ _c24 سم |
||
| 336 |
_aنص _btxt _2rdacontent _3كتاب |
||
| 337 |
_aبدون وسيط _bn _2rdamedia |
||
| 338 |
_aمجلد _bnc _2rdacarrier |
||
| 504 | _aببليوجرافية : صفحة 494-518. | ||
| 650 | 7 |
_aالاقتصاد الإسلامي _2aucsh |
|
| 650 | 7 |
_aالإسلام والاقتصاد _2aucsh |
|
| 942 |
_2ddc _cBOOK _n0 |
||
| 949 |
_aSA-JeALM _d251020 _umohamedma123 _n1 |
||
| 999 |
_c12678 _d12678 |
||